Etica: una forma de vida

Guardat en:
Dades bibliogràfiques
Autor principal: Salvat, Marité (Autor)
Format: Llibre
Idioma:espanyol
Publicat: Buenos Aires Marité Salvat 1998
Matèries:
Etiquetes: Afegir etiqueta
Sense etiquetes, Sigues el primer a etiquetar aquest registre!

MARC

LEADER 00000nam a2200000 a 4500
001 UCP6565
003 CL-VaPUC
008 991029e19980000AG |||||||||||||||||spa|d
082 0 4 |a 340.109  |b SAL  |2 21 
100 0 |a Salvat, Marité  |e author  |9 435710 
245 1 0 |a Etica: una forma de vida 
300 |a 63 p 
942 |c BK 
945 |d 19991029 00:00:00  |a vberengu 
260 |a Buenos Aires  |b Marité Salvat  |c 1998 
600 0 7 |a SALVAT, RAYMUNDO MIGUEL  |2 CL-VaPUC  |9 435711 
650 0 |a Biografías  |9 255210 
650 7 |a ETICA DEL ABOGADO  |2 CL-VaPUC  |9 431599 
650 0 |a Etica y derecho  |9 341370 
583 |a last modification  |c 19991029 00:00:00  |k Rodrigo Vera 
999 |c 284073  |d 284071 
952 |0 0  |1 0  |4 0  |6 340_109000000000000_SAL_1998  |7 0  |8 A  |9 327812  |a BIBDER  |b BIBDER  |d 2019-11-20  |i 3560058  |o 340.109 SAL 1998  |p 3560058  |r 2023-01-25  |w 2019-11-20  |y BK  |k DER 
952 |0 0  |1 0  |4 0  |6 340_109000000000000_SAL_1998  |7 0  |8 A  |9 327813  |a BIBDER  |b BIBDER  |d 2019-11-20  |i 357234K  |o 340.109 SAL 1998  |p 357234K  |r 2023-01-25  |w 2019-11-20  |y BK  |k DER